000 00554nmm a2200193Ia 4500
008 251105s9999||||xx |||||||||||||||||und||
020 _a9788418128431
041 _aspa
100 _aMoya Valle, Antonio-Prometeo
245 0 _aLa niña del andén
264 _a[Madrid, España] :
_bDuomo ediciones,
_c2020
300 _a480 páginas
490 _aDuomo bolsillo
650 _aHistorical fiction
700 _aMoya Valle, Antonio-Prometeo
700 1 _a Thompson, Gill
856 _uhttps://public.digitaliapublishing.com/a/68088
942 _cCF
999 _c69164
_d69164